00571nam a2200169Ia 4500008004100000100003900041245005200080245003900132260005900171260000900230300001100239650001800250650001500268856002600283999001900309952007300328170221s9999 xx 000 0 und d aRahul Gadekar Pradeep Krishnatray. aGratifications of Facebook: A Literature Review cRahul Gadekar Pradeep Krishnatray. bOnline Journal of Communication and Media Technologies c2016 a6 : 5S xCommunication xMedia Arts uhttp://www.ojcmt.net/ c308616d308616 001040aCLbCLd2017-02-21l0r2017-02-21 00:00:00w2017-02-21yFOJ